Analýza prepravy pomocou inovatívnych foriem dopravy bakalárska práca

Gespeichert in:
Bibliographische Detailangaben
1. Verfasser: Šefčík, Vladimír
Körperschaft: Fakulta podnikového manažmentu EU. Katedra manažmentu výroby a logistiky - zrušená
Weitere Verfasser: Richnák, Patrik, 1988-
Format: Buch
Sprache:Slowakisch
Veröffentlicht: Bratislava 2021
Tags: Tag hinzufügen
Keine Tags, Fügen Sie das erste Tag hinzu!

MARC

LEADER 00000nbm a2200000 4500
001 0275846
005 20211109102817.6
041 0 |a slo 
044 |a SK 
245 1 0 |a Analýza prepravy pomocou inovatívnych foriem dopravy  |b bakalárska práca  |c Vladimír Šefčík ; školiteľ: Patrik Richnák 
264 1 |a Bratislava  |c 2021 
300 |a 65 s. 
100 1 |a Šefčík, Vladimír 
700 1 |a Richnák, Patrik, 1988- 
710 2 |a Fakulta podnikového manažmentu EU. Katedra manažmentu výroby a logistiky - zrušená